000 00299nam a22001337a 4500
008 170614b xxu||||| |||| 00| 0 eng d
020 _a3854361491
041 _ager
080 _a32
100 _a19
101 _aSHP
245 _aEUROPAISCHE SICHERHEITSPOLITIK
_cSLAVKOFF,E.PH
942 _2udc
_cBK
999 _c17303
_d17303